000 00635cgm a22002171 4500
001 0000008952
005 20151217161726.0
007 vf cbahou
008 080624s xx--- vleng d
020 _cKES 520
040 _aKABU
_cKABU
245 0 0 _aKifo hadi uzima
_h[videorecording] :
_bulevi na uasherati ni adui kwa jamii.
260 _aNairobi :
_bGood News Production,
_c1996.
300 _a1 videocassette (68 min.) :
_bsd., col ;
_c1/2 in.
538 _aVHS.
650 0 _aSin.
_@0000149444
650 0 _aVices.
_@0000159759
908 _a080624
950 _@1
999 _c15533
_d15533